000 00666nam a2200241Ia 4500
003 OSt
005 20221002050636.0
006 a|||||r|||| 00| 0
007 ta
008 220930b |||||||| |||| 00| 0 eng d
024 _a17202
037 _cReference Collections
040 _aCRL
_cCRL
_beng
041 _2eng
_aeng
082 _az23771, N3 (RR)
100 _aAman Nath ed.
_9571574
245 0 _aJaipur
_b The last destination
260 _aBombay
_bIndia Book House
_c1993
300 _a224p., illus
_ccm.
650 _aGENERALIA
942 _hz23771, N3 (RR)
_cref
_2CC
999 _c915109
_d915109